000 00329nam a22001337a 4500
008 170904b xxu||||| |||| 00| 0 eng d
020 _a9780738203089
041 _aeng
080 _a070
100 _a40
101 _aMED
245 _aTHE ASSOIATED PRESS STYLE BOOK BRIEFING ON MEDIA LAW
_cTHAN.M
942 _2udc
_cBK
999 _c26075
_d26075